Catálogo
 En Linea

Diagnóstico de la realidad educativa dominicana / (Registro nro. 16113)

Detalles MARC
000 -CABECERA
campo de control de longitud fija 00788nam a2200265 i 4500
001 - NÚMERO DE CONTROL
campo de control 000016580
003 - IDENTIFICADOR DEL NÚMERO DE CONTROL
campo de control DO-SdBNP
005 - FECHA Y HORA DE LA ÚLTIMA TRANSACCIÓN
campo de control 20231016140521.0
007 - CAMPO FIJO DE DESCRIPCIÓN FÍSICA--INFORMACIÓN GENERAL
campo de control de longitud fija ta
008 - DATOS DE LONGITUD FIJA--INFORMACIÓN GENERAL
campo de control de longitud fija 100308s1974 dr 000 0 spa d
040 ## - FUENTE DE LA CATALOGACIÓN
Centro catalogador/agencia de origen DO-SdBNP
Lengua de catalogación spa
Centro/agencia transcriptor BNPHU
Normas de descripción rda
049 ## - FONDOS LOCALES (OCLC)
Fondos de biblioteca BNPD
082 #4 - NÚMERO DE LA CLASIFICACIÓN DECIMAL DEWEY
Número de documento/Ítem P912d
Número de edición 22
100 1# - ENTRADA PRINCIPAL--NOMBRE DE PERSONA
Nombre de persona Prats-Ramírez de Pérez, Yvelisse,
9 (RLIN) 25177
Término indicativo de función/relación autor
245 10 - MENCIÓN DE TÍTULO
Título Diagnóstico de la realidad educativa dominicana /
Mención de responsabilidad, etc. Ivelisse Prats- Ramírez de Pérez.
264 ## - PRODUCCIÓN, PUBLICACIÓN, DISTRIBUCIÓN, FABRICACIÓN Y COPYRIGHT
Producción, publicación, distribución, fabricación y copyright Santo Domingo :
Nombre del de productor, editor, distribuidor, fabricante UASD,
Fecha de producción, publicación, distribución, fabricación o copyright 1974.
300 ## - DESCRIPCIÓN FÍSICA
Extensión 24 páginas ;
Dimensiones 22 cm.
336 ## - TIPO DE CONTENIDO
Fuente rdacontent
Término de tipo de contenido texto
Código de tipo de contenido txt
337 ## - TIPO DE MEDIO
Fuente rdamedia
Nombre/término del tipo de medio sin mediación
Código del tipo de medio n
338 ## - TIPO DE SOPORTE
Fuente rdacarrier
Nombre/término del tipo de soporte volumen
Código del tipo de soporte nc
490 ## - MENCIÓN DE SERIE
Mención de serie Conferencia
Designación de volumen o secuencia 18
-- 171
590 ## - NOTA LOCAL (RLIN)
Nota local Inventariado, 2023/BT
910 ## - DATOS DE OPCIÓN DEL USUARIO (OCLC)
Datos de opción del usuario Btavárez
942 ## - ELEMENTOS DE PUNTO DE ACCESO ADICIONAL (KOHA)
Fuente del sistema de clasificación o colocación Dewey Decimal Classification
Tipo de ítem Koha Libro
Existencias
Estado de retiro Estado de pérdida Fuente del sistema de clasificación o colocación Restricciones de uso No para préstamo Código de colección Localización permanente Ubicación/localización actual Ubicación en estantería Fecha de adquisición Total de préstamos Signatura topográfica completa Código de barras Fecha visto por última vez Número de copia Precio válido a partir de Tipo de ítem Koha Fuente de adquisición Nota pública
    Dewey Decimal Classification Préstamo en sala   Dominicana de Servicio Biblioteca Nacional Pedro Henríquez Ureña Biblioteca Nacional Pedro Henríquez Ureña En catalogación 27.04.2011   BNPHU DS P912d 16580-30 25.06.2020 e. 3 25.06.2020 Folleto    
    Dewey Decimal Classification Préstamo en sala   Dominicana de Servicio Biblioteca Nacional Pedro Henríquez Ureña Biblioteca Nacional Pedro Henríquez Ureña En catalogación 29.04.2015   BNPHU DS P912d 16580-50 25.06.2020 e. 4 25.06.2020 Folleto    
    Dewey Decimal Classification Excluido de préstamo   Patrimonio Dominicano Biblioteca Nacional Pedro Henríquez Ureña Biblioteca Nacional Pedro Henríquez Ureña En catalogación 08.03.2010   BNPHU PD P912d 16580-10 25.06.2020   25.06.2020 Folleto    
    Dewey Decimal Classification Excluido de préstamo   Patrimonio Dominicano Biblioteca Nacional Pedro Henríquez Ureña Biblioteca Nacional Pedro Henríquez Ureña En catalogación 27.04.2011   BNPHU PD P912d 16580-20 25.06.2020 e. 2 25.06.2020 Folleto    
    Dewey Decimal Classification Préstamo en sala   Dominicana de Servicio Biblioteca Nacional Pedro Henríquez Ureña Biblioteca Nacional Pedro Henríquez Ureña En catalogación 16.10.2023   BNPHU DS P912d 2023-6940 16.10.2023 e.5 16.10.2023 Folleto Donación Perteneció a la biblioteca personal de Bárbara Suncar.

Con tecnología Koha